Guia per a l'elaboració de plans directors d'enllumenat públic / Ramón San Martín
ISBN:
84-7794-772-4
Descripción Física:
138 p. : il ; 24 cm
Colección:
Espai públic urbà ; 3
MARC
| LEADER | 00000nam a2200000Ia 4500 | ||
|---|---|---|---|
| 001 | 13108 | ||
| 008 | 160829s2001 xx 000 0 cat d | ||
| 020 | |a 84-7794-772-4 | ||
| 080 | |a C-2-202 | ||
| 100 | |a San Martín Páramo, Ramón |9 19992 | ||
| 245 | |a Guia per a l'elaboració de plans directors d'enllumenat públic / Ramón San Martín | ||
| 260 | |a [Barcelona] : |b Diputació de Barcelona, Area de Cooperació, |c 2001 | ||
| 300 | |a 138 p. : |b il ; |c 24 cm | ||
| 490 | |a Espai públic urbà ; 3 | ||
| 650 | |a Enllumenat públic |9 20676 | ||
| 655 | 0 | |9 52956 |a Manuals, vademècums, etc. | |
| 710 | 1 | |a Barcelona (Catalunya : Província). |b Àrea de Cooperació |9 54368 | |
| 901 | |a Arxiu | ||
| 942 | |n 1 |2 udc | ||
| 952 | |0 0 |1 0 |4 0 |6 C2202 |7 1 |9 47770 |a Arxiu |b Arxiu |d 2016-12-01 |l 0 |o C-2-202 |p 13108 |r 2016-12-01 00:00:00 |w 2016-12-01 |y ARXIU | ||
| 952 | |0 0 |1 0 |4 0 |6 PDL |7 1 |9 63757 |a Arxiu |b Arxiu |d 2022-09-05 |l 0 |o PDL |p 26681 |r 2022-09-05 00:00:00 |w 2022-09-05 |y ARXIU | ||
| 999 | |c 51569 |d 51569 | ||